000 01006nam a22003377a 4500
001 BR7603017
003 BR-BrBNA
005 20230928085010.0
007 ta
008 230509b bl.||||| |||| 00| 0 por d
040 _aBR-BrBNA
_bpor
_cBiblioteca Nacional de Agricultura
041 _a(Por)
072 _aF00; F40
_b1940
_b0170
_b/G514
090 _ 1940 BR7603017
100 1 _aLira, M. de A.
100 1 _aFaris, M.A.
100 1 _aFerraz, L.
100 1 _aAraujo, M.R.A. de
110 1 _aInstituto de Pesquisas Agronomicas, Recife, PE (Brasil)
_96142
245 1 _aPerspectivas do milheto e do sorgo granifero em Pernambuco [Pennisetum typhoides; Sorghum bicolor; Brasil]
_bn. 21/75
260 3 _aRecife, PE (Brasil):
_c1976.
300 _a10 p.
500 _a5 tables; Summary (Por)
650 _aProducao vegetal
650 _aEcologia vegetal
650 _aMilheto
650 _aSorgo granifero
650 _aPernambuco
909 _a202309
_bLucia
_c55
_dLucia Elande
942 _cBK
999 _c22317
_d22317